|
|
|
|
| LEADER |
01845nam a2200409 a 4500 |
| 001 |
EBC1101393 |
| 003 |
MiAaPQ |
| 005 |
20200520144314.0 |
| 006 |
m o d | |
| 007 |
cr cn||||||||| |
| 008 |
120720s2013 enkabc sb 001 0beng d |
| 010 |
|
|
|z 2012026864
|
| 020 |
|
|
|z 9780415665179 (hbk.)
|
| 020 |
|
|
|a 9780203073568 (electronic bk.)
|
| 035 |
|
|
|a (MiAaPQ)EBC1101393
|
| 035 |
|
|
|a (Au-PeEL)EBL1101393
|
| 035 |
|
|
|a (CaPaEBR)ebr10640464
|
| 035 |
|
|
|a (CaONFJC)MIL420661
|
| 035 |
|
|
|a (OCoLC)823389751
|
| 040 |
|
|
|a MiAaPQ
|c MiAaPQ
|d MiAaPQ
|
| 043 |
|
|
|a e-fr---
|
| 050 |
|
4 |
|a HB105.S25
|b S36 2013
|
| 082 |
0 |
4 |
|a 330.15/3092
|a B
|2 23
|
| 100 |
1 |
|
|a Schoorl, Evert.
|
| 245 |
1 |
0 |
|a Jean-Baptiste Say
|h [electronic resource] :
|b revolutionary, entrepreneur, economist /
|c Evert Schoorl.
|
| 260 |
|
|
|a London ;
|a New York :
|b Routledge,
|c 2013.
|
| 300 |
|
|
|a xix, 210 p. :
|b ill., map, ports.
|
| 440 |
|
0 |
|a Routledge studies in the history of economics ;
|v 152
|
| 504 |
|
|
|a Includes bibliographical references and index.
|
| 505 |
0 |
|
|a Youthful revolutionary -- At the crossroads of literature, politics and economics -- A dissident under the consulate -- Reluctant entrepreneur -- A rentier in a depressed economy -- Spying in Britain -- A dissident during the Restauration -- Late recognition -- The final years -- Among masters, peers and students -- Alive after 200 years.
|
| 533 |
|
|
|a Electronic reproduction. Ann Arbor, MI : ProQuest, 2015. Available via World Wide Web. Access may be limited to ProQuest affiliated libraries.
|
| 600 |
1 |
0 |
|a Say, Jean Baptiste,
|d 1767-1832.
|
| 650 |
|
0 |
|a Economists
|z France
|v Biography.
|
| 650 |
|
0 |
|a Economics
|z France
|x History.
|
| 655 |
|
4 |
|a Electronic books.
|
| 710 |
2 |
|
|a ProQuest (Firm)
|
| 856 |
4 |
0 |
|u https://ebookcentral.proquest.com/lib/matrademy/detail.action?docID=1101393
|z Click to View
|